000 01436cam a22001934a 4500
005 20250605164122.0
008 250528s ||||||||||||||||||||||||d
035 _a18322
020 _a96248914
040 _aGR-AtMCL
_bgre
_dGR-AtMCL
_eAACR2
245 1 _aHow to Write Successful Fundraising Letters
260 _bStrathmoor Press,
_c1994
300 _a256
520 _aThe book offers detailed advice and analysis along with copious examples and instructive case studies. Introduction: How This Book Came to Be and What You'll Find Inside, How to Write Successful Fundraising Letters, You're Writing for Results - Not for a Pulitzer Prize, The Cardinal Rules of Writing Fundraising Letters, How a Fundraising Letter is Like a Personal Visit, What Donors Really Think about Fundraising Letters, Twenty-Three Reasons People Respond to Fundraising Appeals, The Characteristics of an Effective Fundraising Letter, A Leisurely Tour Through One Successful Appeal, Why You Need to Write Thank-Yours, What to Do Before You Write a Fundraising Letter, Eight Steps Toward Successful Fundraising Letters, Case Studies, Welcoming New Donors: Treating People Like Part of the Family, Appealing for Special Gifts: Bringing Your Case Down to Earth, The Letter-Writers Toolbox, What to Put on the Outer Envelope, How to Overcome Writer's Block, Index.
700 1 _aWarwick Mal
_94597
942 _cBK
999 _c3685
_d3685